MARC

LEADER 00000nam0a2200000 4500
001 169532
005 20231031163442.0
035 |a (RuTPU)RU\TPU\book\183893 
090 |a 169532 
100 |a 20091113d1987 m y0rusy50 ca 
101 0 |a rus 
102 |a RU 
105 |a y z 000zy 
200 1 |a Записки коменданта Кремля  |f П. Д. Мальков 
210 |a Москва  |c Воениздат  |d 1987 
215 |a 367 с. 
225 1 |a Военные мемуары 
610 1 |a Октябрьская социалистическая революция 
610 1 |a Кремль 
610 1 |a воспоминания 
610 1 |a записки 
686 |a Т3(2)71  |v LBC/SL-A  |2 rubbk 
700 1 |a Мальков  |b П. Д.  |g Павел Дмитриевич 
801 1 |a RU  |b 63413507  |c 20091113 
942 |c BK